Společenská odpovědnost podniků transparentnost a etika podnikání

Guardado en:
Detalles Bibliográficos
Autor principal: Zadražilová, Dana
Formato: Libro
Lenguaje:checo
Publicado: Praha C. H. Beck 2010
Colección:Beckova edice ekonomie
Materias:
Etiquetas: Agregar Etiqueta
Sin Etiquetas, Sea el primero en etiquetar este registro!

MARC

LEADER 00000nam a2200000 4500
001 0121981
005 20220913101920.7
020 |a 978-80-7400-192-5 
041 0 |a cze 
044 |a CZ 
245 1 0 |a Společenská odpovědnost podniků  |b transparentnost a etika podnikání  |c Dana Zadražilová a kol. 
264 1 |a Praha  |b C. H. Beck  |c 2010 
300 |a 167 s. 
490 1 |a Beckova edice ekonomie 
830 0 |a Beckova edice ekonomie 
610 2 0 |a podnik 
610 2 0 |a zodpovednosť spoločenská 
610 2 0 |a etika podnikateľská 
610 2 0 |a prostredie podnikateľské 
610 2 0 |a ochrana spotrebiteľa 
610 2 0 |a firmy 
610 2 0 |a zamestnanci 
610 2 0 |a konkurencieschopnosť 
100 1 |a Zadražilová, Dana